Loading...

Ithihaasathinte Ithihaasam

Bibliografiske detaljer
Hovedforfatter: Vijayan, O V
Format: Printed Book
Udgivet: Kottayam, D C Books 1992
Fag:
LEADER 005190000a22001810004500
020 |a 81-7130-139-8 
040 |a Malayalam 
082 |a A3 007 VIJ/I N2 
100 |a Vijayan, O V 
245 |a Ithihaasathinte Ithihaasam 
260 |a Kottayam, D C Books 
260 |c 1992 
650 |a Malayalam literature 
650 |a Novel 
650 |a Study 
942 |c BK 
999 |c 152249  |d 152245 
952 |0 0  |1 0  |4 0  |6 A_3_007000000000000_VIJ_I_N2  |7 0  |9 151067  |a SCK  |b SCK  |d 2017-10-23  |l 0  |o A3 007 VIJ/I N2  |p SCK03577  |r 2017-10-23  |w 2017-10-23  |y BK